A trail of paint / (Record no. 59663)
[ view plain ]
| 000 -LEADER | |
|---|---|
| fixed length control field | 02496nam a22003737a 4500 |
| 005 - DATE AND TIME OF LATEST TRANSACTION | |
| control field | 20111219165921.0 |
| 010 ## - LCCN (DPL NO) | |
| LC control number | B-481894-903 |
| 020 ## - INTERNATIONAL STANDARD BOOK NUMBER | |
| International Standard Book Number | 8181466519 |
| Terms of availability | 200.00 |
| 020 ## - INTERNATIONAL STANDARD BOOK NUMBER | |
| International Standard Book Number | 9788181466518 |
| Terms of availability | 200.00 |
| 035 ## - SYSTEM CONTROL NUMBER | |
| System control number | B-481894-903 |
| 037 ## - SOURCE OF ACQUISITION | |
| Source of stock number/acquisition | Blue Berry/Ven |
| 082 ## - DEWEY DECIMAL CLASSIFICATION NUMBER | |
| Classification number | S |
| 100 ## - MAIN ENTRY--PERSONAL NAME | |
| Personal name | Anjali Raghbeer |
| 245 ## - TITLE STATEMENT | |
| Title | A trail of paint / |
| Statement of responsibility, etc | by Anjali Raghbeer; illustrated by Soumya Menon |
| 260 ## - PUBLICATION, DISTRIBUTION, ETC. (IMPRINT) | |
| Place of publication, distribution, etc | Chennai |
| Name of publisher, distributor, etc | Tulika Publishers |
| Date of publication, distribution, etc | 2009 |
| 270 ## - ADDRESS | |
| Address | 13, Prithvi Avenue, Abhiramaouram |
| City | Chennai |
| Postal code | 600 018 |
| 300 ## - PHYSICAL DESCRIPTION | |
| Extent | unpaged |
| Other physical details | ill. |
| Dimensions | 23cm(pbk) |
| 490 ## - SERIES STATEMENT | |
| Series statement | Looking at art; edited by Jamini Roy |
| -- | 53634 |
| 500 ## - GENERAL NOTE | |
| General note | inspired by the diaries of young Amrita |
| 650 ## - SUBJECT ADDED ENTRY--TOPICAL TERM | |
| Topical term or geographic name as entry element | Stories |
| 700 ## - ADDED ENTRY--PERSONAL NAME | |
| Personal name | Menon, Soumya |
| 9 (RLIN) | 37189 |
| 942 ## - ADDED ENTRY ELEMENTS (KOHA) | |
| Source of classification or shelving scheme | Dewey Decimal Classification |
| Item type | Children Books |
| Call number suffix | ANJ |
| Classification part | S |
| Withdrawn status | Lost status | Not for loan | Collection code | Home library | Current library | Date acquired | Source of acquisition | Full call number | Barcode | Copy number | Cost, replacement price | Koha item type | Cost, normal purchase price |
|---|---|---|---|---|---|---|---|---|---|---|---|---|---|
| Fiction | Bawana | Bawana | 20/11/2012 | Blue Berry/IN8486/14.04.2012/43/20.03.2012/19.06.2012 | S ANJ | B-481901 | 1 | 200.00 | Children Books | 200.00 | |||
| Fiction | Central Library | Central Library | 19/11/2012 | Blue Berry/IN8486/14.04.2012/43/20.03.2012/19.06.2012 | S ANJ | B-481894 | 1 | 200.00 | Children Books | ||||
| Fiction | Karol Bagh | Karol Bagh | 19/11/2012 | Blue Berry/IN8486/14.04.2012/43/20.03.2012/19.06.2012 | S ANJ | B-481898 | 1 | 200.00 | Children Books | ||||
| Fiction | Katevara | Katevara | 20/11/2012 | Blue Berry/IN8486/14.04.2012/43/20.03.2012/19.06.2012 | S ANJ | B-481902 | 1 | 200.00 | Children Books | 200.00 | |||
| Fiction | Narela | Narela | 20/11/2012 | Blue Berry/IN8486/14.04.2012/43/20.03.2012/19.06.2012 | S ANJ | B-481900 | 1 | 200.00 | Children Books | 200.00 | |||
| Fiction | New Rohtak Road | New Rohtak Road | 20/11/2012 | Blue Berry/IN8486/14.04.2012/43/20.03.2012/19.06.2012 | S ANJ | B-481899 | 1 | 200.00 | Children Books | 200.00 | |||
| Fiction | R.K.Puram-8 | R.K.Puram-8 | 19/11/2012 | Blue Berry/IN8486/14.04.2012/43/20.03.2012/19.06.2012 | S ANJ | B-481896 | 1 | 200.00 | Children Books | ||||
| Fiction | Sarojini Nagar | Sarojini Nagar | 19/11/2012 | Blue Berry/IN8486/14.04.2012/43/20.03.2012/19.06.2012 | S ANJ | B-481895 | 1 | 1.00 | Children Books | ||||
| Fiction | Shahdara Branch | Shahdara Branch | 20/11/2012 | Blue Berry/IN8486/14.04.2012/43/20.03.2012/19.06.2012 | S ANJ | B-481903 | 1 | 200.00 | Children Books | 200.00 | |||
| Fiction | Vinoba Puri | Vinoba Puri | 19/11/2012 | Blue Berry/IN8486/14.04.2012/43/20.03.2012/19.06.2012 | S ANJ | B-481897 | 1 | 200.00 | Children Books |
